| 000 | 00618cab a2200193 ab4500 | ||
|---|---|---|---|
| 005 | 20250925094319.0 | ||
| 008 | 991125d2004 mx fr p 000 0 spa u | ||
| 035 | _aUPN01000140203 | ||
| 040 |
_aMX-MxUPN _bspa _cMX-MxUPN _eaacr2 |
||
| 100 | 1 | _aLechner, Norbert | |
| 245 | 1 |
_aCultura juvenil y desarrollo humano _h[recurso electrónico en línea] |
|
| 653 | 0 | _aCultura juvenil | |
| 653 | 0 | _aConvivencia social | |
| 653 | 0 | _aJóvenes | |
| 773 |
_gVol. 8, no 20, (2004), p. 12-26 _tJóvenes : revista de estudios sobre juventud _x1405-406X |
||
| 902 | _aLeonor Sotres/250925 | ||
| 905 | _aArticulo | ||
| 942 | _cAI | ||
| 999 |
_c112351 _d112351 |
||